[Event "4NCL/Div2/KH-BAR3"]
[Site "Rd-11 Birmingham"]
[Date "2002.05.06"]
[Round "11.2"]
[White "Twyble, Michael S"]
[Black "Berry, Stephen H"]
[Result "1/2-1/2"]
[WhiteElo "2220"]
[BlackElo "2309"]
[PlyCount "85"]
[EventDate "2002.05.06"]

1. d4 Nf6 2. c4 e6 3. Nc3 Bb4 4. f3 d5 5. a3 Bxc3+ 6. bxc3 c5 7. cxd5 Nxd5 8.
Qd2 O-O 9. e4 Ne7 10. Bc4 Qc7 11. Ba2 b6 12. Ne2 Ba6 13. O-O Nd7 14. Rd1 Rad8
15. Qe1 Qc6 16. Bg5 Rde8 17. Ng3 Kh8 18. Qd2 Bc8 19. d5 exd5 20. exd5 Qd6 21.
Bf4 Qg6 22. Bb1 f5 23. c4 Nf6 24. Bc2 Bd7 25. a4 h6 26. Bd3 a5 27. Qc2 Nh5 28.
Nxh5 Qxh5 29. Rab1 Nc8 30. Bc7 Qh4 31. f4 Rf7 32. g3 Qg4 33. Be5 Rxe5 34. fxe5
Qd4+ 35. Qf2 Qxe5 36. Re1 Qd6 37. Re2 Qf6 38. Rbe1 Rf8 39. Qf4 Bxa4 40. Re6
Qd4+ 41. Qxd4 cxd4 42. c5 bxc5 43. Ra6 1/2-1/2

[Event "4NCL/Div2/KH-BAR3"]
[Site "Rd-11 Birmingham"]
[Date "2002.05.06"]
[Round "11.3"]
[White "Jossien, Arnaud"]
[Black "Hodgson, John H"]
[Result "1-0"]
[WhiteElo "2336"]
[BlackElo "2207"]
[PlyCount "65"]
[EventDate "2002.05.06"]

1. Nf3 Nf6 2. g3 g6 3. Bg2 Bg7 4. c4 O-O 5. Nc3 d5 6. cxd5 Nxd5 7. O-O Nc6 8.
d4 Nb6 9. e3 e5 10. d5 Ne7 11. e4 Bg4 12. Qb3 c6 13. Bg5 Bxf3 14. Bxf3 h6 15.
Be3 cxd5 16. Nxd5 Nbxd5 17. exd5 Qd6 18. Rac1 b6 19. Bd2 a5 20. Be3 Rab8 21.
Rfd1 Rfd8 22. a4 Kh7 23. Rc6 Nxc6 24. dxc6 Qe6 25. Rxd8 Qxb3 26. c7 Rxd8 27.
cxd8=Q Qxa4 28. Qxb6 e4 29. Bg2 Qa1+ 30. Bf1 a4 31. Qc7 Qxb2 32. Qxf7 Qc2 33.
Bd4 1-0

[Event "4NCL/Div2/KH-BAR3"]
[Site "Rd-11 Birmingham"]
[Date "2002.05.06"]
[Round "11.4"]
[White "Tucker, Alex E"]
[Black "Thomas, Richard H"]
[Result "1/2-1/2"]
[WhiteElo "2215"]
[BlackElo "2230"]
[PlyCount "34"]
[EventDate "2002.05.06"]

1. c4 g6 2. g3 Bg7 3. Bg2 d6 4. Nc3 Nc6 5. e4 e5 6. Nge2 f5 7. d3 Nf6 8. O-O
O-O 9. Nd5 Nd4 10. Nxd4 exd4 11. exf5 gxf5 12. b4 c6 13. Nxf6+ Qxf6 14. a4 Bd7
15. b5 Rae8 16. Rb1 Re7 17. Bf4 Bh6 1/2-1/2

[Event "4NCL/Div2/KH-BAR3"]
[Site "Rd-11 Birmingham"]
[Date "2002.05.06"]
[Round "11.5"]
[White "Kwiatkowski, Feliks J"]
[Black "Flower, David"]
[Result "1-0"]
[WhiteElo "2224"]
[BlackElo "2101"]
[PlyCount "59"]
[EventDate "2002.05.06"]

1. e4 d6 2. d4 Nf6 3. Nc3 e5 4. Nf3 Nbd7 5. Bc4 Be7 6. O-O O-O 7. a4 c6 8. Qe2
a5 9. Rd1 Qc7 10. h3 h6 11. Ba2 Nb8 12. Be3 Na6 13. Nd2 Nb4 14. Bb3 exd4 15.
Bxd4 d5 16. exd5 Bf5 17. d6 Bxd6 18. Nc4 Bh2+ 19. Kh1 Rfe8 20. Qf3 Qf4 21. Ne3
Be6 22. Bxf6 gxf6 23. Bxe6 Rxe6 24. Rd7 Qxf3 25. gxf3 Bf4 26. Nf5 Rae8 27. Ne4
Nxc2 28. Rg1+ Kf8 29. Rg7 R6e7 30. Nxf6 1-0

[Event "4NCL/Div2/KH-BAR3"]
[Site "Rd-11 Birmingham"]
[Date "2002.05.06"]
[Round "11.6"]
[White "Williamson, Paul L"]
[Black "Mackenzie, Colin"]
[Result "1/2-1/2"]
[WhiteElo "2149"]
[BlackElo "2164"]
[PlyCount "20"]
[EventDate "2002.05.06"]

1. d4 e6 2. c4 Nf6 3. Nc3 Bb4 4. Qc2 Nc6 5. e3 O-O 6. a3 Bxc3+ 7. Qxc3 d6 8.
Bd3 a5 9. b3 Qe7 10. Ne2 e5 1/2-1/2

[Event "4NCL/Div2/KH-BAR3"]
[Site "Rd-11 Birmingham"]
[Date "2002.05.06"]
[Round "11.7"]
[White "Okike, David C"]
[Black "Moore, John C"]
[Result "1-0"]
[WhiteElo "2149"]
[BlackElo "2112"]
[PlyCount "85"]
[EventDate "2002.05.06"]

1. e4 Nf6 2. e5 Nd5 3. d4 d6 4. Nf3 Bg4 5. Bc4 e6 6. exd6 Bxd6 7. O-O O-O 8. h3
Bh5 9. Nbd2 Nc6 10. c3 Bg6 11. Re1 Nb6 12. Bb5 Ne7 13. Ne4 c6 14. Nxd6 Qxd6 15.
Bf1 Nbd5 16. Ne5 Bf5 17. Bd2 b5 18. a4 a6 19. b3 Nf6 20. g4 Bg6 21. Bf4 Qd8 22.
c4 bxc4 23. bxc4 Nd7 24. Nf3 Rc8 25. Bd6 Nf6 26. c5 Ne4 27. Bxa6 Nxd6 28. cxd6
Qxd6 29. Bxc8 Rxc8 30. a5 Nd5 31. Ne5 Nf4 32. Qf3 Qxd4 33. Rad1 Qa4 34. Nxc6
Kf8 35. Rd4 Nxh3+ 36. Qxh3 Qxc6 37. Qa3+ Kg8 38. a6 Qb6 39. Rb4 Qa7 40. Rb7 Qd4
41. a7 Qxg4+ 42. Qg3 Qc4 43. Rb8 1-0

[Event "4NCL/Div2/3CS-BG3"]
[Site "Rd-11 Birmingham"]
[Date "2002.05.06"]
[Round "11.1"]
[White "Davies, Nigel R"]
[Black "Lock, Gavin R"]
[Result "1-0"]
[WhiteElo "2481"]
[BlackElo "2168"]
[PlyCount "93"]
[EventDate "2002.05.06"]

1. c4 c6 2. e4 d5 3. exd5 cxd5 4. d4 Nf6 5. Nc3 Nc6 6. Bg5 Be6 7. Be2 Qa5 8. c5
Ne4 9. Nf3 g6 10. O-O Bg7 11. Be3 Rd8 12. Qb3 Rd7 13. Na4 O-O 14. Rfd1 Bf6 15.
a3 Qd8 16. h3 h5 17. Bb5 Qa5 18. Qd3 Bf5 19. b4 Qc7 20. Qb3 Rdd8 21. Nc3 a6 22.
Bxc6 Nxc3 23. Qxc3 bxc6 24. Qd2 Ra8 25. a4 Rfd8 26. Bf4 Qb7 27. Ra2 Kg7 28. Rb2
Rdc8 29. Re1 Re8 30. Nh2 Qd7 31. f3 h4 32. Ng4 Qd8 33. Qf2 Bxg4 34. hxg4 g5 35.
Be5 Qd7 36. Qe3 Kg8 37. Rbe2 Rf8 38. Qd3 Ra7 39. g3 hxg3 40. Kg2 Kg7 41. Qe3
Kg6 42. Rh1 Bxe5 43. dxe5 Rg8 44. Rh5 f6 45. Qd3+ Kg7 46. Rh7+ Kf8 47. exf6 1-0

[Event "4NCL/Div2/3CS-BG3"]
[Site "Rd-11 Birmingham"]
[Date "2002.05.06"]
[Round "11.2"]
[White "Cafferty, Bernard"]
[Black "Clarke, Stuart"]
[Result "1-0"]
[WhiteElo "2175"]
[BlackElo "2290"]
[PlyCount "87"]
[EventDate "2002.05.06"]

1. Nf3 Nf6 2. g3 d5 3. Bg2 e6 4. O-O Be7 5. c4 O-O 6. b3 c5 7. e3 b6 8. Bb2 Bb7
9. Qe2 Nc6 10. Rd1 Qc7 11. Nc3 a6 12. cxd5 exd5 13. d4 Rad8 14. Rac1 Na5 15.
dxc5 bxc5 16. Na4 c4 17. Bd4 Nd7 18. Qb2 f6 19. Bc3 Nc6 20. Rxd5 cxb3 21. axb3
Nb6 22. Rxd8 Rxd8 23. Nd4 Rc8 24. Nxc6 Bxc6 25. Bd4 Nxa4 26. bxa4 Qd7 27. Qc2
Bb7 28. Qb3+ Kf8 29. Rxc8+ Bxc8 30. h4 Qd6 31. Qc2 Be6 32. Qxh7 Bg8 33. Qc2 Be6
34. a5 Qb4 35. Qc3 Qb1+ 36. Kh2 Qa2 37. Bc5 Qxf2 38. Bxe7+ Kxe7 39. Qc7+ Kf8
40. Qd6+ Kf7 41. Qxa6 Bd5 42. e4 Be6 43. Qb7+ Kg6 44. e5 1-0

[Event "4NCL/Div2/3CS-BG3"]
[Site "Rd-11 Birmingham"]
[Date "2002.05.06"]
[Round "11.3"]
[White "James, Dale R"]
[Black "Lyell, Mark"]
[Result "0-1"]
[WhiteElo "2217"]
[BlackElo "2235"]
[PlyCount "86"]
[EventDate "2002.05.06"]

1. e4 e5 2. Nf3 Nc6 3. Bb5 f5 4. d3 fxe4 5. dxe4 Nf6 6. Bg5 Bc5 7. Qe2 d6 8.
Nbd2 Be6 9. c3 O-O 10. Nb3 Bb6 11. Bh4 Qe8 12. Bc4 Nd8 13. Nfd2 Nh5 14. O-O-O
Nf4 15. Qf1 Qf7 16. Bxe6 Ndxe6 17. f3 a5 18. Kc2 a4 19. Nc1 Bc5 20. Bf2 Bxf2
21. Qxf2 b5 22. g3 Ng6 23. Rhf1 c5 24. Qe3 b4 25. c4 Ne7 26. Kb1 Nc6 27. Ne2
Ncd4 28. Nxd4 Nxd4 29. Qd3 Qh5 30. Rf2 Ra7 31. Rdf1 Raf7 32. Qe3 g5 33. Kc1 Kh8
34. Qd3 Qh3 35. Qe3 Qh6 36. Kb1 Qh5 37. Kc1 Rf6 38. Qd3 Qh3 39. Qe3 Qh6 40. Qd3
g4 41. Kb1 gxf3 42. Rxf3 Nxf3 43. Rxf3 Qh5 0-1

[Event "4NCL/Div2/3CS-BG3"]
[Site "Rd-11 Birmingham"]
[Date "2002.05.06"]
[Round "11.4"]
[White "Anderton, David W"]
[Black "Ashton, Adam G"]
[Result "1-0"]
[WhiteElo "2230"]
[BlackElo "2146"]
[PlyCount "57"]
[EventDate "2002.05.06"]

1. d4 Nf6 2. c4 g6 3. g3 Bg7 4. Bg2 O-O 5. Nc3 d6 6. Nf3 c6 7. O-O Qa5 8. e4
Bg4 9. h3 Bxf3 10. Bxf3 Nfd7 11. Rb1 Qc7 12. Be3 a5 13. Qd2 Na6 14. Bh6 e5 15.
Bxg7 Kxg7 16. Bg2 Rad8 17. a3 Rfe8 18. Kh2 Qb6 19. d5 Qb3 20. dxc6 bxc6 21. Nd1
a4 22. Ne3 Ndc5 23. Ng4 Nd7 24. Qh6+ Kh8 25. f4 exf4 26. Rxf4 Qxc4 27. Rbf1 Rf8
28. e5 Qe6 29. Nf6 1-0

[Event "4NCL/Div2/3CS-BG3"]
[Site "Rd-11 Birmingham"]
[Date "2002.05.06"]
[Round "11.5"]
[White "Longson, Alexander"]
[Black "Donovan, Nigel"]
[Result "1-0"]
[WhiteElo "2167"]
[BlackElo "2162"]
[PlyCount "87"]
[EventDate "2002.05.06"]

1. e4 c5 2. Nf3 d6 3. d4 cxd4 4. Nxd4 Nf6 5. Nc3 e6 6. Be2 a6 7. O-O Be7 8. f4
Qc7 9. Be3 O-O 10. g4 d5 11. e5 Ne4 12. Nxe4 dxe4 13. c3 b6 14. Qe1 Nc6 15.
Nxc6 Qxc6 16. Qf2 Bb7 17. Rfd1 Rfd8 18. Bf1 Rd3 19. Rxd3 exd3 20. Bg2 Qxg2+ 21.
Qxg2 Bxg2 22. Kxg2 Bc5 23. Kf3 Rd8 24. Rd1 g5 25. Bd4 Rd5 26. Rxd3 h6 27. Ke4
Bxd4 28. Rxd4 Ra5 29. a3 Kf8 30. Rb4 Rd5 31. Rxb6 Rd2 32. fxg5 hxg5 33. b4 Rxh2
34. Rxa6 Rg2 35. Rc6 Rxg4+ 36. Kf3 Rf4+ 37. Kg3 Ke7 38. Rc5 Kd7 39. a4 Rf1 40.
a5 Ra1 41. Kg4 Rg1+ 42. Kh5 g4 43. Kh4 g3 44. Kh3 1-0

[Event "4NCL/Div2/3CS-BG3"]
[Site "Rd-11 Birmingham"]
[Date "2002.05.06"]
[Round "11.6"]
[White "Wheeler, Darren P"]
[Black "Bentley, John L"]
[Result "1/2-1/2"]
[WhiteElo "2120"]
[BlackElo "2147"]
[PlyCount "137"]
[EventDate "2002.05.06"]

1. e4 c5 2. f4 d5 3. exd5 Nf6 4. Bb5+ Nbd7 5. Nc3 a6 6. Be2 Nb6 7. Bf3 Nbxd5 8.
Nxd5 Nxd5 9. d4 e6 10. Ne2 Be7 11. O-O O-O 12. Kh1 cxd4 13. Nxd4 Bf6 14. c3 Qd6
15. Nf5 Qc5 16. Ng3 Rd8 17. Ne4 Qe7 18. Qe2 b5 19. a4 Rb8 20. axb5 axb5 21.
Nxf6+ Qxf6 22. Ra5 Qe7 23. Rxb5 Ba6 24. Rxb8 Bxe2 25. Rxd8+ Qxd8 26. Bxe2 Qb6
27. Rf3 Qb3 28. Rf1 Qc2 29. Bb5 g6 30. h3 h5 31. Kg1 Kg7 32. Bc6 Ne7 33. Bf3
Nf5 34. Re1 Ng3 35. Be3 Nf5 36. Be4 Qxb2 37. Bxf5 Qxc3 38. Kf2 gxf5 39. Rd1 f6
40. Rd7+ Kg6 41. Rd6 Kf7 42. Rd7+ Ke8 43. Rh7 Qc2+ 44. Kg3 Qe2 45. Bc5 e5 46.
Kh2 Qc4 47. fxe5 fxe5 48. Bd6 Qe6 49. Bb8 e4 50. Rxh5 e3 51. Bg3 e2 52. Rh8+
Kf7 53. Ra8 e1=Q 54. Bxe1 Qxe1 55. Ra3 Qe5+ 56. Kh1 Kf6 57. Ra6+ Kg5 58. Ra3
Qd5 59. Rf3 Kf6 60. Kh2 Qe5+ 61. Kh1 Qe1+ 62. Kh2 Ke5 63. Ra3 f4 64. Rb3 Ke4
65. Rf3 Qd1 66. Ra3 Qe2 67. Ra4+ Ke3 68. Ra3+ Kf2 69. Rf3+ 1/2-1/2

[Event "4NCL/Div2/3CS-BG3"]
[Site "Rd-11 Birmingham"]
[Date "2002.05.06"]
[Round "11.7"]
[White "Gordon, Stephen J"]
[Black "Gunter, David WW"]
[Result "1-0"]
[WhiteElo "1968"]
[BlackElo "2140"]
[PlyCount "47"]
[EventDate "2002.05.06"]

1. d4 e6 2. c4 d5 3. cxd5 exd5 4. Nc3 c5 5. Nf3 Nc6 6. g3 Nf6 7. Bg2 Be7 8. O-O
O-O 9. Bg5 cxd4 10. Nxd4 h6 11. Be3 Re8 12. Rc1 Bf8 13. Nxc6 bxc6 14. Na4 Bd7
15. Bc5 Bxc5 16. Nxc5 Bg4 17. Re1 Rc8 18. Qd3 Nh7 19. h3 Bh5 20. f4 f6 21. e3
Nf8 22. Nb7 Qd7 23. Na5 Re7 24. Nxc6 1-0

[Event "4NCL/Div2/3CS-BG3"]
[Site "Rd-11 Birmingham"]
[Date "2002.05.06"]
[Round "11.8"]
[White "Nunn, Petra"]
[Black "Kosteniuk, Oksana"]
[Result "1-0"]
[WhiteElo "2080"]
[BlackElo "2000"]
[PlyCount "49"]
[EventDate "2002.05.06"]

1. Nf3 d5 2. g3 c5 3. Bg2 Nf6 4. O-O Nc6 5. d3 h6 6. Nbd2 Bg4 7. h3 Bxf3 8.
Nxf3 e5 9. e4 d4 10. Nh4 Bd6 11. Nf5 O-O 12. f4 Bc7 13. g4 exf4 14. Bxf4 Bxf4
15. Rxf4 Ne5 16. Qe2 Rc8 17. Raf1 b5 18. Nxh6+ gxh6 19. Rxf6 Kg7 20. Qf2 c4 21.
Qf4 Ng6 22. Rxf7+ Kg8 23. Qf5 Qg5 24. Qe6 Kh8 25. R1f5 1-0

[Event "4NCL/Div2/WES1 vs. NWE1"]
[Site "West Bromwich ENG"]
[Date "2002.11.23"]
[Round "1.1"]
[White "Poulton, James"]
[Black "Shaw, John K"]
[Result "0-1"]
[WhiteElo "2397"]
[BlackElo "2484"]
[PlyCount "74"]
[EventDate "2002.11.23"]

1. d4 d5 2. c4 c6 3. Nc3 dxc4 4. Nf3 Nf6 5. a4 Bf5 6. e3 e6 7. Bxc4 Bb4 8. O-O
O-O 9. Qe2 Bg6 10. Ne5 Nbd7 11. Nxg6 hxg6 12. e4 Nb6 13. e5 Qxd4 14. Bxe6 fxe6
15. exf6 Qxf6 16. Ne4 Qe5 17. a5 Nd5 18. f4 Qh5 19. g4 Qh4 20. Ng5 Rae8 21. Kh1
Bd6 22. Ra4 e5 23. Re4 Nf6 24. Qc4+ Kh8 25. Re3 Qxg4 26. Nf7+ Rxf7 27. Qxf7 Rf8
28. Qb3 exf4 29. Ref3 Nh5 30. Qxb7 Rf5 31. h3 Ng3+ 32. Kg2 Qg5 33. Qxc6 Nxf1+
34. Kxf1 Bc5 35. Bd2 Rd5 36. Ke1 Qe5+ 37. Kd1 Be3 0-1

[Event "4NCL/Div2/WES1 vs. NWE1"]
[Site "West Bromwich ENG"]
[Date "2002.11.23"]
[Round "1.2"]
[White "Crouch, Colin S"]
[Black "Webb, Richard M"]
[Result "0-1"]
[WhiteElo "2388"]
[BlackElo "2372"]
[PlyCount "36"]
[EventDate "2002.11.23"]

1. d4 Nf6 2. c4 g6 3. Nc3 d5 4. Nf3 Bg7 5. Bg5 dxc4 6. e3 Be6 7. Nd2 Nd5 8.
Nxc4 c5 9. Qa4+ Nc6 10. Ne5 O-O 11. Nxc6 bxc6 12. Rd1 cxd4 13. exd4 Rb8 14. Bc1
c5 15. Nb5 a6 16. Qxa6 Nb4 17. Qa4 Ra8 18. Na7 Qb8 0-1

[Event "4NCL/Div2/WES1 vs. NWE1"]
[Site "West Bromwich ENG"]
[Date "2002.11.23"]
[Round "1.3"]
[White "Corkett, Anthony R"]
[Black "Horner, Jeff"]
[Result "1/2-1/2"]
[WhiteElo "2313"]
[BlackElo "2355"]
[PlyCount "93"]
[EventDate "2002.11.23"]

1. Nf3 Nc6 2. c4 e5 3. Nc3 Nf6 4. g3 Bb4 5. Bg2 O-O 6. O-O e4 7. Ne1 Re8 8. Nc2
Bxc3 9. dxc3 d6 10. Ne3 Be6 11. Nd5 h6 12. b3 Bf5 13. a4 Ne5 14. Ra2 Bh7 15.
Nxf6+ Qxf6 16. Be3 Qe7 17. a5 Ng4 18. Qd4 c5 19. Qd2 Rad8 20. Rd1 Bf5 21. h3
Nf6 22. g4 Be6 23. g5 hxg5 24. Bxg5 d5 25. Qf4 dxc4 26. Rxd8 Rxd8 27. bxc4 Bxc4
28. Rb2 Rd1+ 29. Kh2 Bd5 30. Bxf6 Qxf6 31. Qxf6 gxf6 32. Rb5 Bc6 33. Rxc5 Ra1
34. Kg3 Ra2 35. e3 a6 36. f3 Re2 37. fxe4 Rxe3+ 38. Kf2 Rd3 39. Bf1 Rd1 40.
Bxa6 Bxe4 41. Be2 Ra1 42. Bg4 Kg7 43. Ke3 Bg2 44. Bf3 Bxf3 45. Kxf3 Kg6 46. c4
f5 47. Rb5 1/2-1/2

[Event "4NCL/Div2/WES1 vs. NWE1"]
[Site "West Bromwich ENG"]
[Date "2002.11.23"]
[Round "1.4"]
[White "Quillan, Gary"]
[Black "Yeo, Michael J"]
[Result "1-0"]
[WhiteElo "2305"]
[BlackElo "2224"]
[PlyCount "75"]
[EventDate "2002.11.23"]

1. e4 e5 2. Nf3 Nc6 3. Bb5 a6 4. Ba4 d6 5. Bxc6+ bxc6 6. d4 f6 7. Nc3 Ne7 8.
Be3 Ng6 9. Qd2 Bd7 10. h4 h5 11. Ne2 Qb8 12. c3 Be6 13. dxe5 fxe5 14. Ng5 Bg8
15. f4 Be7 16. f5 Nf8 17. O-O Qb7 18. Nc1 Nd7 19. Nd3 Nf6 20. Kh1 O-O-O 21. Qe2
Re8 22. b3 Ng4 23. c4 d5 24. cxd5 cxd5 25. Rfc1 d4 26. Bd2 Qb5 27. Kg1 Ba3 28.
Rc2 Rh6 29. Bc1 Bd6 30. Rb1 Re7 31. a4 Qe8 32. Nf3 Rh8 33. Bg5 Nf6 34. Nc5 Bxc5
35. Qxa6+ Kd7 36. Rxc5 Qc8 37. Qc6+ Kd8 38. Rxe5 1-0

[Event "4NCL/Div2/WES1 vs. NWE1"]
[Site "West Bromwich ENG"]
[Date "2002.11.23"]
[Round "1.5"]
[White "Simons, Martin J"]
[Black "Richards, Heather"]
[Result "1-0"]
[WhiteElo "2262"]
[BlackElo "2264"]
[PlyCount "63"]
[EventDate "2002.11.23"]

1. e4 e6 2. d3 d5 3. Nd2 Nf6 4. Ngf3 c5 5. g3 b6 6. Bg2 Bb7 7. Qe2 Be7 8. O-O
Qc7 9. Re1 Nc6 10. c3 Ba6 11. e5 Nd7 12. h4 h6 13. h5 b5 14. a3 Qb6 15. b4 Bb7
16. Nb3 a5 17. Be3 a4 18. Nxc5 Nxc5 19. Reb1 Ba6 20. c4 bxc4 21. bxc5 Qc7 22.
Qc2 cxd3 23. Qxa4 O-O 24. Rb6 Nb8 25. Rc1 Rc8 26. Bf1 Ra7 27. Qg4 Kh8 28. Nd4
Qxe5 29. Nxe6 fxe6 30. Rxe6 Qc7 31. Rxh6+ Kg8 32. Qe6+ 1-0

[Event "4NCL/Div2/WES1 vs. NWE1"]
[Site "West Bromwich ENG"]
[Date "2002.11.23"]
[Round "1.6"]
[White "Littlewood, John E"]
[Black "Upton, Ian J"]
[Result "1/2-1/2"]
[WhiteElo "2292"]
[BlackElo "2224"]
[PlyCount "27"]
[EventDate "2002.11.23"]

1. e4 e6 2. d4 d5 3. Nc3 Nf6 4. Bg5 Bb4 5. exd5 Qxd5 6. Bxf6 Bxc3+ 7. bxc3 gxf6
8. Nf3 b6 9. Qd2 Bb7 10. c4 Qe4+ 11. Be2 Rg8 12. g3 Nc6 13. O-O-O O-O-O 14. Qe3
1/2-1/2

[Event "4NCL/Div2/WES1 vs. NWE1"]
[Site "West Bromwich ENG"]
[Date "2002.11.23"]
[Round "1.7"]
[White "Neil, David R"]
[Black "Charleshouse, Glenn L"]
[Result "0-1"]
[WhiteElo "2204"]
[BlackElo "2284"]
[PlyCount "78"]
[EventDate "2002.11.23"]

1. e4 c5 2. Nc3 e6 3. d3 Nc6 4. Nf3 d6 5. g3 Nf6 6. Bg2 Be7 7. O-O O-O 8. Re1
a6 9. a4 Rb8 10. d4 cxd4 11. Nxd4 Bd7 12. Be3 Qc7 13. Nb3 Na5 14. Nxa5 Qxa5 15.
Qd3 Bc6 16. Bd2 Qc7 17. a5 Rbc8 18. f4 Rfd8 19. Be3 Qb8 20. Bb6 Re8 21. Ne2 d5
22. e5 Nd7 23. Bd4 Bb5 24. Qd2 Bxe2 25. Rxe2 Bc5 26. b3 Qa7 27. Ra4 Rc7 28. Qe3
Rec8 29. Bxc5 Qxc5 30. Qxc5 Rxc5 31. Rb4 R8c7 32. c4 dxc4 33. bxc4 Rxa5 34.
Rxb7 Rxb7 35. Bxb7 Kf8 36. Kf2 Ra3 37. Rd2 Ke7 38. Rd6 Nc5 39. Bc8 Ne4+ 0-1

[Event "4NCL/Div2/WES1 vs. NWE1"]
[Site "West Bromwich ENG"]
[Date "2002.11.23"]
[Round "1.8"]
[White "Hughes, Howard R"]
[Black "Moore, Gillian A"]
[Result "1-0"]
[WhiteElo "2072"]
[BlackElo "1592"]
[PlyCount "47"]
[EventDate "2002.11.23"]

1. e4 c6 2. c4 d5 3. exd5 cxd5 4. cxd5 Qxd5 5. Nc3 Qa5 6. d4 e5 7. Bb5+ Bd7 8.
Qe2 Nc6 9. Nf3 O-O-O 10. dxe5 Bb4 11. Bd2 Nge7 12. O-O h6 13. Rac1 Bg4 14. Rfd1
a6 15. Bxc6 Nxc6 16. a3 Bxf3 17. Qxf3 Bxc3 18. Bxc3 Qc7 19. Re1 Qd7 20. Ba5
Rde8 21. Red1 Qe6 22. Rd6 Qxe5 23. Rdxc6+ Kd7 24. Rd1+ 1-0

[Event "4NCL/Div2/AD2 vs. WWKS"]
[Site "West Bromwich ENG"]
[Date "2002.11.23"]
[Round "1.1"]
[White "Wheeler, Darren P"]
[Black "Hynes, Anthony"]
[Result "1/2-1/2"]
[WhiteElo "2210"]
[BlackElo "2216"]
[PlyCount "117"]
[EventDate "2002.11.23"]

1. e4 e5 2. Nf3 Nc6 3. Bb5 f5 4. Bxc6 bxc6 5. Qe2 fxe4 6. Qxe4 Bd6 7. d3 Nf6 8.
Qh4 O-O 9. Nc3 Qe8 10. O-O Rb8 11. Re1 Rb4 12. Ne4 Be7 13. c4 Nxe4 14. Qxe4 d6
15. Nd4 exd4 16. Qxe7 Qg6 17. Qxc7 Rb7 18. Qa5 Qxd3 19. b3 Rbf7 20. f3 c5 21.
Qd2 Qf5 22. Qg5 Qd7 23. Bd2 Bb7 24. Re2 Rf6 25. Qg4 Qxg4 26. fxg4 d3 27. Re7
Rf2 28. Rxb7 Rxd2 29. Rf1 Rxf1+ 30. Kxf1 Re2 31. b4 Rxa2 32. bxc5 dxc5 33. Rd7
d2 34. Ke2 d1=Q+ 35. Kxd1 Rxg2 36. h3 Rh2 37. Rxa7 Rxh3 38. Rc7 Rg3 39. Rxc5
Rxg4 40. Rc7 h5 41. Rc8+ Kf7 42. c5 g5 43. c6 Rc4 44. Rh8 Kg6 45. Rc8 h4 46. c7
Kh7 47. Ke2 g4 48. Kf2 Rc2+ 49. Kg1 h3 50. Ra8 Rxc7 51. Ra4 Rc1+ 52. Kh2 Rc2+
53. Kh1 Rg2 54. Ra7+ Kg6 55. Rg7+ Kf5 56. Rf7+ Kg5 57. Rf5+ Kh4 58. Rh5+ Kg3
59. Rxh3+ 1/2-1/2

[Event "4NCL/Div2/AD2 vs. WWKS"]
[Site "West Bromwich ENG"]
[Date "2002.11.23"]
[Round "1.2"]
[White "Thomas, Nicholas"]
[Black "Churm, Rohan M"]
[Result "1/2-1/2"]
[WhiteElo "2236"]
[BlackElo "2164"]
[PlyCount "47"]
[EventDate "2002.11.23"]

1. e4 e6 2. d4 d5 3. Nd2 c5 4. c3 Nc6 5. Ngf3 Nf6 6. Bd3 cxd4 7. cxd4 Nb4 8.
Bb1 dxe4 9. Nxe4 Bd7 10. a3 Nbd5 11. O-O Be7 12. Re1 O-O 13. Ne5 Bb5 14. Qf3
Rc8 15. Qh3 Nxe4 16. Bxe4 f5 17. Bd3 Qb6 18. Bxb5 Qxb5 19. Qd3 Qxd3 20. Nxd3
Bf6 21. Rxe6 Bxd4 22. Rd6 Rfd8 23. Rxd8+ Rxd8 24. Bg5 1/2-1/2

[Event "4NCL/Div2/AD2 vs. WWKS"]
[Site "West Bromwich ENG"]
[Date "2002.11.23"]
[Round "1.3"]
[White "Gunter, David WW"]
[Black "Mason, Don"]
[Result "1/2-1/2"]
[WhiteElo "2152"]
[BlackElo "2256"]
[PlyCount "34"]
[EventDate "2002.11.23"]

1. d4 Nf6 2. Bg5 Ne4 3. Bf4 c5 4. f3 Qa5+ 5. c3 Nf6 6. Nd2 cxd4 7. Nb3 Qb6 8.
Qxd4 Nc6 9. Qxb6 axb6 10. Nd4 Nxd4 11. cxd4 d5 12. e3 e6 13. Bc7 Kd7 14. Bg3
Bd6 15. Bb5+ Ke7 16. Bxd6+ Kxd6 17. Ne2 Bd7 1/2-1/2

[Event "4NCL/Div2/AD2 vs. WWKS"]
[Site "West Bromwich ENG"]
[Date "2002.11.23"]
[Round "1.4"]
[White "Dighton, Simon"]
[Black "Howell, Christopher I"]
[Result "1-0"]
[WhiteElo "2235"]
[BlackElo "2152"]
[PlyCount "47"]
[EventDate "2002.11.23"]

1. e4 c5 2. c3 Nf6 3. e5 Nd5 4. d4 cxd4 5. Nf3 Nc6 6. Bc4 e6 7. cxd4 d6 8. exd6
Bxd6 9. O-O O-O 10. Nc3 Nxc3 11. bxc3 Qa5 12. Bd3 Qxc3 13. Rb1 f5 14. Rb3 Qa5
15. Qe2 Qc7 16. Bd2 e5 17. dxe5 Bxe5 18. Nxe5 Qxe5 19. Bc4+ Kh8 20. Re3 Qc7 21.
Rh3 h6 22. Bxh6 gxh6 23. Rxh6+ Kg7 24. Qh5 1-0

[Event "4NCL/Div2/AD2 vs. WWKS"]
[Site "West Bromwich ENG"]
[Date "2002.11.23"]
[Round "1.5"]
[White "Spanton, Timothy"]
[Black "Pitcher, John"]
[Result "1/2-1/2"]
[WhiteElo "2005"]
[BlackElo "2130"]
[PlyCount "59"]
[EventDate "2002.11.23"]

1. e4 c5 2. c4 e6 3. Nc3 a6 4. Nge2 Nc6 5. d4 cxd4 6. Nxd4 Qc7 7. Be3 Nf6 8.
Be2 b6 9. O-O Bb7 10. f3 Ne5 11. Rc1 Rb8 12. Qd2 Ng6 13. Bd3 Be7 14. b3 O-O 15.
Nde2 Rfc8 16. h3 Ba3 17. Rc2 Bb4 18. Qc1 Ne5 19. Rd1 b5 20. cxb5 Nxd3 21. Rxd3
axb5 22. Nd4 Qa5 23. Ndxb5 Ba6 24. a4 Rc6 25. e5 Ne8 26. Bd4 Rbc8 27. Re3 Bxc3
28. Rexc3 Bxb5 29. axb5 Qxb5 30. Qe3 1/2-1/2

[Event "4NCL/Div2/AD2 vs. WWKS"]
[Site "West Bromwich ENG"]
[Date "2002.11.23"]
[Round "1.6"]
[White "Hunt, Malcolm A"]
[Black "Pritchard, David"]
[Result "1-0"]
[WhiteElo "1960"]
[BlackElo "1768"]
[PlyCount "83"]
[EventDate "2002.11.23"]

1. d4 g6 2. c4 Bg7 3. Nc3 c5 4. e3 f5 5. Nf3 Nf6 6. Be2 O-O 7. O-O b6 8. b3 Bb7
9. Bb2 Ne4 10. Nxe4 fxe4 11. Nd2 e6 12. Qc2 d5 13. dxc5 Bxb2 14. Qxb2 Nd7 15.
cxb6 axb6 16. f3 Qg5 17. f4 Qh4 18. b4 g5 19. fxg5 Qxg5 20. Qc3 h5 21. Rxf8+
Rxf8 22. Rf1 Rxf1+ 23. Nxf1 Ne5 24. cxd5 exd5 25. Qc7 Bc6 26. Qc8+ Kg7 27. Qh3
h4 28. g3 hxg3 29. Qxg3 Kf6 30. Qxg5+ Kxg5 31. Nd2 Ng4 32. Bxg4 Kxg4 33. Nb3
Bd7 34. Nd4 Kh3 35. b5 Kg4 36. a3 Kg5 37. Kf2 Kh4 38. a4 Kh3 39. Ne2 Kxh2 40.
Nf4 Bc8 41. Nxd5 Be6 42. Nxb6 1-0

[Event "4NCL/Div2/AD2 vs. WWKS"]
[Site "West Bromwich ENG"]
[Date "2002.11.23"]
[Round "1.7"]
[White "Rea, Bill"]
[Black "Chevannes, Sabrina"]
[Result "0-1"]
[WhiteElo "1656"]
[BlackElo "1972"]
[PlyCount "70"]
[EventDate "2002.11.23"]

1. e4 c6 2. f4 d5 3. e5 c5 4. Nf3 Bg4 5. Be2 Nc6 6. d4 Bxf3 7. Bxf3 Nxd4 8. O-O
e6 9. c3 Nxf3+ 10. Rxf3 Ne7 11. Na3 a6 12. Nc2 Ng6 13. Be3 Be7 14. Bf2 O-O 15.
Qe1 Qc7 16. h4 Rfe8 17. h5 Nf8 18. g4 Nd7 19. g5 Nf8 20. Bh4 g6 21. Rh3 Nd7 22.
Ne3 Kg7 23. Ng4 Rh8 24. Nf6 Kf8 25. Bg3 Kg7 26. Qe2 Rad8 27. Qh2 gxh5 28. Rxh5
Nf8 29. Kg2 d4 30. Rh1 dxc3 31. Rxh7+ Rxh7 32. Nxh7 Rd2+ 33. Bf2 Qc6+ 34. Kg3
Rd3+ 35. Kh4 Ng6+ 0-1

[Event "4NCL/Div2/AD2 vs. WWKS"]
[Site "West Bromwich ENG"]
[Date "2002.11.23"]
[Round "1.8"]
[White "Cooper, David M"]
[Black "McIntosh, Doreen"]
[Result "1-0"]
[WhiteElo "1880"]
[BlackElo "1344"]
[PlyCount "45"]
[EventDate "2002.11.23"]

1. e4 c5 2. Nf3 d6 3. d4 cxd4 4. Qxd4 Nc6 5. Bb5 Bd7 6. Bxc6 Bxc6 7. Nc3 Nf6 8.
Bg5 g6 9. Bxf6 exf6 10. Rd1 Be7 11. O-O O-O 12. Rfe1 f5 13. e5 Bxf3 14. gxf3
Rc8 15. Qxa7 Bh4 16. Qe3 Kg7 17. Rxd6 Qa5 18. Qb6 Bd8 19. Qd4 Re8 20. Rd5 Bb6
21. Qh4 Rc5 22. Qf6+ Kf8 23. Rd7 1-0